Language Quiz

Random Language or French Quiz

French Pluperfect tense Quiz Stats

 Plays Quiz not verified by Sporcle

Also try: Spanish: 'To Be'
Challenge
Share
Tweet
Embed
Score 0/21 Timer 10:00
0 Plays Today
Verb form % Correct
J'avais joué
95.5%
Elle avait fini
79.1%
Tu étais arrivé
78.8%
Il avait vendu
77.3%
Nous avions changé
72.8%
Ils avaient parlé
62.7%
Il avait dormi
61.8%
J'étais tombé
60.9%
Tu avais attendu
54%
J'avais mangé
51.9%
Ils avaient lu
48.1%
Verb form % Correct
Vous aviez fait
47.5%
Vous étiez allés
44.5%
Nous avions parlé
44.2%
Nous étions partis
43.3%
Ils avaient choisi
43%
Tu avais pris
42.4%
Elle avait habité
36.4%
Il avait entendu
36.4%
Vous aviez été
35.2%
Elle était montée
30.1%

You're not logged in!

Compare scores with friends on all Sporcle quizzes.
OR
Log In

You Might Also Like...

Show Comments

Extras

Created Oct 3, 2010ReportNominate
Tags:French Quiz

Top Quizzes Today


Score Distribution

Your Account Isn't Verified!

In order to create a playlist on Sporcle, you need to verify the email address you used during registration. Go to your Sporcle Settings to finish the process.

Report this User

Report this user for behavior that violates our Community Guidelines.

Details: